000 00776nam a2200229 4500
001 174944
003 ES-MaACL
005 20230906215713.0
008 100726s2000 sp af |||| | spa d
080 _a73 Armiño, Carlos
100 1 _aArmiño, Carlos.
_9143256
245 1 0 _aNaturaleza con duende
_b: [exposición] 10 de febrero de 2000 /
_cCarlos Armiño.
246 3 4 _aCarlos Armiño
260 _aGetafe :
_bAyuntamiento,
_c[2000] (
_fLerko Print)
300 _a[32] p. :
_bprincipalmente il. col. ;
_c22 x 22 cm.
600 1 4 _aArmiño, Carlos-
_vExposiciones.
_9143257
655 7 _2tgfbne
_9193628
_aCatálogos de exposiciones
710 1 _aGetafe.
_bAyuntamiento.
_94469
852 _aES-MaACL
_j2281-F-5
942 _2udc
999 _c174944
_d174944